Histoire Mondiale révision - Statistiques

Statistiques générales
  • Ce quiz a été pris 6 fois
  • Le résultat moyen est 9 sur 101
Statistiques - réponses
Hint Réponse % Correct
Source unique de la Révélation ? Bible
75%
Qui invente l’imprimerie ? Gutenberg
75%
Qui ouvre la route des Indes ? Vasco de Gama
75%
Langue commune des élites ? Latin
50%
Qui en est l'auteur ? Marco Polo
50%
Celibat obligatoire pour les pasteurs ? | Culte des saints ? | Le purgatoire existe-t-il pour Luther ? | +2 others Non
50%
Bâtiment symbole de Byzance Sainte Sophie
50%
Date schisme 1054
25%
Date mariage De Castille et d'Aragon 1469
25%
Signature de l'édit de Nantes 1598
25%
Combien de sacrements restent ? 2
25%
Combien de sacrements sont conservés ? 3
25%
Que se passe t'il en 1453 Chute de Constantinople
25%
Auteur des Colloques ? Erasme
25%
Ouvrage majeur publié en 1536 par Calvin ? Institution de la religion chrétienne
25%
Auteur de L’Utopie ? Thomas More
25%
Traité partageant le monde en 1494 ? Tordesillas
25%
Année 4e croisade 1204
0%
Année des 95 thèses ? 1517
0%
Date ? 1519-1522
0%
Date de la chute de Tenochtitlan ? 1521
0%
Dates du concile de Trente ? 1545–1563
0%
Controverse de Valladolid 1550-1551
0%
Massacre de Saint Barthélémy 1572
0%
Révocation de l'édit de Nantes 1685
0%
Date précise 29 mai 1453
0%
Prise de Grenade 2 janvier 1492
0%
Population européenne au XVe ? 70-80 millions
0%
Institution fondée en 1559 ? Académie de Genève
0%
Qu’est-ce que la simonie ? Achat/vente de charges ecclésiastiques
0%
Pourquoi choque-t-elle ? « acheter » son salut
0%
Port européen en essor ? Anvers
0%
Date départ de Colomb Août 1492
0%
Effet de sa traduction de la Bible ? baisse de l'analphabétisme
0%
Anabaptistes : Position sur le baptême ? Bapteme adultes uniquement
0%
Lesquels ? Bapteme, pénitence, eucharistie
0%
Qui atteint le cap de Bonne Espérance ? Bartolomeu Dias
0%
Qu’est-ce qu’une caravelle ? Bateau adapté aux explorations
0%
Accord réglant son voyage Capitulations de Santa Fe
0%
Qu’est-ce que le sacerdoce universel ? Chacun est son propre prêtre
0%
Conséquence ? Chute de l'Empire byzantin
0%
Qu’est-ce que la non-résidence ? Clercs absents de leur paroisse
0%
Stratégie portugaise ? Contourner Afrique
0%
Conquérant des Aztèques ? Cortés
0%
Nature du voyage selon Boucheron ? Croisade médiévale
0%
Qu’est-ce que le millénarisme ? Croyance au jugement dernier imminent
0%
À quoi sert l’astrolabe ? Définir position grâce aux étoiles
0%
Pourquoi les placarde-t-il ? Dénoncer les indulgences
0%
Où est-il jugé en 1521 ? Diète de Worms
0%
Qu’est-ce que la prédestination ? Dieu choisit à l’avance les élus du salut
0%
Rôle principal des jésuites ? Éducation, missions, prédication
0%
Travail forcé dans les Antilles ? Esclaves noirs africains dès 1501
0%
Quelles sont les conséquences du décret du 31 mars 1492 Expulsion juifs et musulmans
0%
Qu’est-ce que le népotisme ? Favoritisme envers la famille
0%
Pourquoi est-ce un tournant ? Fin des guerres religieuses en Europe
0%
Cause principale de la reprise démographique ? Fin des pestes
0%
Pourquoi l’Europe est en paix vers 1490 ? Fin grandes guerres
0%
Unité de la Chrétienté occidentale ? Foi catho
0%
Première capitale de l’Estado da India ? Gao
0%
Ville où il organise son Église ? Genève
0%
Quel conflit prend fin ? guerre de Trente ans
0%
Qui fonde les jésuites ? Ignace de Loyola
0%
Quel lien entre peste/guerre et réforme ? Interprétés comme châtiments de Dieu
0%
Doctrine luthérienne : Principe central du salut ? Justification par la foi seule
0%
Premier livre imprimé ? La Bible en 1455
0%
Thérèse d’Avila réforme quel ordre ? Le Carmel
0%
Quel texte traduit-il ? Le Nouveau Testament en allemand
0%
Quel est outil imaginaire des navigateurs ? Livre des merveilles
0%
Premier tour du monde ? Magellan- El Cano
0%
Plantes introduites ? Mais, tabac, patates
0%
Qui fonde les Capucins ? Matteo Baschi
0%
Nom du conquérant Mehmet II
0%
Que décide l’empereur Charles Quint ? Mise au ban de l’Empire
0%
Westphalie : Deux villes des négociations ? Münster, Osnabrück
0%
Exemple de survivance pré-chrétienne ? Noël lié au solstice
0%
Qu’est-ce que l’ordre westphalien ? Nouveau système international basé sur États souverains
0%
Accès direct à la Bible ? Obligatoire
0%
Quelle vision de Las Casas a des Amérindiens ? Pacifiques ; innocents
0%
Deux autorités « universelles » affaiblies ? Pape, Empereur
0%
Pourquoi ces pratiques prospèrent-elles ? Peurs, épidémies, quête d’assurance du salut
0%
Conquérant des Incas ? Pizarro
0%
Qu’est-ce que la religiosité populaire ? Pratiques para-chrétiennes
0%
Valeurs de l’humanisme ? Raison, liberté, tolérance
0%
Qu’est-ce qu’une indulgence ? Rémission du péché contre argent
0%
Pourquoi un concile est-il convoqué ? Répondre à la crise protestante
0%
Definition Reconquista Reprise chrétienne d'Espagne
0%
Objectif de Colomb ? Route vers les Indes.
0%
Pourquoi les princes allemands soutiennent-ils Luther ? S'affranchir de Rome
0%
Terre atteinte 12 octobre 1492 San Salvador
0%
Deux exemples de conquêtes ottomanes post-1453 Serbie (1459), Bosnie (1463)
0%
Qu’est-ce qu’une société « entièrement chrétienne » ? Société où tout est structuré par l’Église
0%
Trois principes fondateurs ? Souveraineté des ÉtatsÉquilibre des puissances Droit de gens
0%
Qui les vend en Saxe ? Tetzel
0%
Qu’est-ce que le Saint-Office ? Tribunal pontifical contre l’hérésie
0%
Nom donné à Moscou après 1453 Troisième Rome
0%
Menace ottomane pousse les Européens à aller où ? Vers l'ouest
0%
Où se réfugie-t-il ensuite ? Wartburg
0%
Aucun quiz correspondant
Distribution des résultats
% des personnes avec chaque résultat
Percentile par nombre de réponses
Votre historique - résultats
Vous n’avez pas pris ce quiz